000 nam a22 7a 4500
999 _c8108
_d8108
005 20190912073346.0
008 190912b xxu||||| |||| 00| 0 eng d
020 _a9718865774
_bpaperback
040 _beng
_cAPEC Schools Library
_erda
082 _aF 808.0499211
_bB139p 2011
100 _aBaello, Maria Lourdes R.
245 _aPagbasa at pagsulat tungo sa pananaliksik /
_cMaria Lourdes R. Baello
264 _aManila, PH :
_bPamantasang Centro Escolar,
_c©2011.
300 _a192 pages ;
336 _2rdacontent
_atext
337 _2rdamedia
_aunmediated
338 _2rdacarrier
_avolume
504 _aIncludes bibliographical references.
650 _aFilipino language
_vStudy and teaching.
942 _2ddc
_cNFIC